Amandla Stenberg Filmography - Statistics

General Stats
  • This quiz has been taken 15 times
    4 since last reset
  • The average score is 4 of 35
Answer Stats
Type Year Name % Correct
Film 2022 Bodies Bodies Bodies
75%
Film 2012 The Hunger Games
75%
Film 2017 Everything, Everything
50%
Film 2018 The Darkest Minds
50%
Film 2018 The Hate U Give
50%
Film 2011 Colombiana
25%
Film 2014 Rio 2
25%
Web Series 2024 The Acolyte
25%
Film 2018 Where Hands Touch
25%
Film 2016 As You Are
0%
TV Film 2012 A Taste of Romance
0%
TV Special 2016 Black Girls Rock
0%
Film 2027 Children of Blood and Bone
0%
Film 2021 Dear Evan Hansen
0%
TV Show 2019 Drunk History
0%
Podcast 2019 Gaslight
0%
Film TBA Golf Gods
0%
TV Special 2016 Lemonade
0%
Short Film 2013 Mercy
0%
TV Show 2015 Mr. Robinson
0%
Film 2023 My Animal
0%
Documentary 2022 My Name Is Andrea
0%
Web Series 2017 Neo Yokio
0%
Film 2023 Ozi - Voice of the Forest
0%
TV Show 2023 RuPaul's Drag Race
0%
TV Show 2023 RuPaul's Drag Race: Untucked!
0%
TV Show 2013-2014 Sleepy Hollow
0%
Film 2023 Spider-Man: Across the Spider-Verse
0%
Film 2024 Spider-Man: Beyond the Spider-Verse
0%
Commercial 2017 Stella McCartney
0%
Web Mini-Series 2020 The Eddy
0%
Short Film 2023 The Melodic Blue: Baby Keem
0%
Documentary 2018 This Changes Everything
0%
Film 2026 Wildwood
0%
TV Show 2022 ZIWE
0%
No matching quizzes found
Score Distribution
Percent of People with Each Score
Percentile by Number Answered
Your Score History
You have not taken this quiz since the last reset